LEADER 00953nam0-2200337---450- 001 990008771480403321 005 20081203115512.0 010 $a88-7750-942-2 035 $a000877148 035 $aFED01000877148 035 $a(Aleph)000877148FED01 035 $a000877148 100 $a20081203d2004----km-y0itay50------ba 101 0 $aita 102 $aIT 105 $a--------001yy 200 1 $a<>calcolo sismico degli edifici in muratura$fNicola Augenti 205 $aNuova ed. 210 $aTorino$cUTET$d2004 215 $aXXI, 490 p.$cill.$d24 cm 610 0 $aStrutture in muratura$aZone sismiche$aCalcolo 676 $a693.852 700 1$aAugenti,$bNicola$0332894 801 0$aIT$bUNINA$gRICA$2UNIMARC 901 $aBK 912 $a990008771480403321 952 $a13 45 08$b15994$fFINBC 952 $a13 A 44 01$b15995$fFINBC 959 $aFINBC 996 $aCalcolo sismico degli edifici in muratura$978326 997 $aUNINA LEADER 00969nam0-22003131i-450 001 990005941470403321 005 20230110164057.0 035 $a000594147 035 $aFED01000594147 035 $a(Aleph)000594147FED01 100 $a20000112d1975----km-y0itay50------ba 101 0 $aita 102 $aIT 105 $ay-------001yy 200 1 $aLeggi scientifiche e spiegazione causale nel diritto penale$eIl nesso di condizionamento fra azione ed evento$fFederico Stella 210 $aMilano$cGiuffrè$d1975 215 $a331 p.$d22 cm 225 1 $aStudi di diritto penale$v22 676 $a345$v23$zita 700 1$aStella,$bFederico$0113214 801 0$aIT$bUNINA$gREICAT$2UNIMARC 901 $aBK 912 $a990005941470403321 952 $aXII C 546 (22)$b104826$fFGBC 952 $aPecoraro Albani S78$b6395$fDSPCP 959 $aFGBC 959 $aDSPCP 996 $aLeggi scientifiche e spiegazione causale nel diritto penale$968601 997 $aUNINA